| 000 | 00900cam a2200289 a 4500 | ||
|---|---|---|---|
| 001 | 15609723 | ||
| 005 | 20141215143957.0 | ||
| 008 | 090203s2010 xxk frb 001 0 eng d | ||
| 010 | _a2009922163 | ||
| 020 | _a1412945526 | ||
| 020 | _a9781412945523 | ||
| 020 | _a9781412945530 (pbk.) | ||
| 020 | _a1412945534 (pbk.) | ||
| 040 |
_aYDXCP _cYDXCP _dCUD _dOL$ _dUKM _dDLC _dEG-ScBUE |
||
| 082 | 0 | 0 |
_a306.4812 _222 _bROJ |
| 100 | 1 |
_aRojek, Chris _936934 |
|
| 245 | 1 | 4 |
_aThe labour of leisure : _bthe culture of free time / _cChris Rojek. |
| 260 |
_aLondon : _bSage Publications, _c2010. |
||
| 300 |
_a208 p. _c24 cm. |
||
| 500 | _aIncludes indexes. | ||
| 504 | _aBibliography : p. 194-203. | ||
| 650 | 0 |
_aLeisure _xSociological aspects _936935 |
|
| 650 | 0 |
_aRecreation _xSociological aspects _936936 |
|
| 653 |
_bBUSADM _cDecember2014 |
||
| 655 |
_vreading book _934232 |
||
| 942 |
_2ddc _k306.4812 ROJ |
||
| 999 |
_c18780 _d18752 |
||